O Baloiço Azul (Registo nº 6121)
[ vista simples ]
| 000 -Etiqueta do registo | |
|---|---|
| Valores | 01077nam a2200253 4500 |
| 010 ## - Número ISBN | |
| ISBN | 9789892343358 |
| 021 ## - Número do Depósito Legal | |
| Número | 445077/18 |
| 100 ## - Dados gerais de processamento | |
| Dados gerais | 20260122d2018 u||y0pory50 ba |
| 200 ## - Titulo e menção de responsabilidade | |
| Título próprio | O Baloiço Azul |
| Primeira menção de responsabilidade | Rosário Alçada Araújo |
| Outras menções de responsabilidade | Patrícia Furtado |
| 210 ## - Publicação | |
| Local de publicação | Alfragide |
| Nome do editor | Gailivro |
| Data de publicação | 2018 |
| 215 ## - Descrição física | |
| Paginação / Volumes | 44[1] p. |
| 225 ## - Colecção | |
| Título próprio da colecção | Vira a Página |
| 330 ## - Sumário ou Resumo | |
| Texto da nota | Quando o senhor Asdrúbal e a Luísa conhecem o papagaio Guardador de Palavras, uma missão especial ganha asas: ajudar a levar as palavras certas a quem mais precisa de as ouvir.<br/>Esta aventura mágica, que começa com um simples baloiço azul, leva-nos até às estrelas e mostra-nos o poder transformador das palavras.<br/>Uma história cheia de imaginação, ternura e esperança. |
| 606 ## - Nome comum usado como assunto | |
| ID Autoridade | 14 |
| Palavra de ordem | Literatura infantil |
| 606 ## - Nome comum usado como assunto | |
| ID Autoridade | 15 |
| Palavra de ordem | Literatura Portuguesa |
| 675 ## - CDU | |
| Notação | 82-93 |
| Edição | BN |
| Língua | por |
| 675 ## - CDU | |
| Notação | 821.134.3 |
| Edição | BN |
| Língua | por |
| 700 ## - Autor principal (pessoa individual) | |
| ID Autoridade | 164 |
| Apelido | Araújo |
| Nome | Rosário Alçada |
| 702 ## - Autor secundário (pessoa individual) | |
| ID Autoridade | 2341 |
| Apelido | Furtado |
| Nome | Patrícia |
| 801 ## - Fonte de origem | |
| País | PT |
| Agência | BMVN |
| Regras de catalogação | RPC |
| 830 ## - Notas gerais do catalogador | |
| Criado por | Ana Caetano |
| Data de criação | 22/01/2026 |
| 990 ## - Elementos KOHA | |
| Tipo de documento | Livro |
| Situação do levantamento | Biblioteca de origem | Código de barras | Cota | Permissão de empréstimo | Tipo de documento | Forma de aquisição |
|---|---|---|---|---|---|---|
| Biblioteca Escola Nº2 Vendas Novas | 100000006809 | LI POR/ARA | Livro |